=LDR 00000nam 2200000 4500 =001 $a INLIS000000000018593 =005 $a 20260504130804 =008 $a 260504################g##########0#ind## =020 ##$$a 979421930 =035 ##$$a 0010-1124000259 =082 ##$$a 352.63 =084 ##$$a 352.63 THO b =100 #$$a Thoha, Miftah =245 ##$$a Birokrasi dan politik di Indonesia $b $c Miftah Thoha =260 ##$$a Jakarta : $b RajaGrafindo Persada, $c 2003 =300 ##$$a xvi, 285 hlm ; $b $c 20 hlm $e =520 #$$a =600 ##$$a politik =700 #$$a =856 ##$$a Perpustakaan Pusat LAN =csr $a 59398748c7c2e0e057a3763f3ebc2d3d